| 000 | 01552nam a2200421 i 4500 | ||
|---|---|---|---|
| 001 | 53399 | ||
| 003 | KOSZ 005 | ||
| 005 | 20211213101155.0 | ||
| 008 | 070412s2006 pl f |000 0 pol d | ||
| 020 | _a8388440829 | ||
| 040 |
_cKOSZ 005 _aKOSZ 005 _dKOSZ 005/HR |
||
| 041 | 1 |
_apol _heng |
|
| 046 | _k2005 | ||
| 080 | _a004.42 | ||
| 080 | _a004.655.3 | ||
| 080 | _a(07) | ||
| 100 | 1 |
_aBen-Gan, Itzik _eAutor |
|
| 245 | 1 | 0 |
_aMicrosoft SQL Server 2005 od środka : _bprogramowanie w języku T-SQL / _cItzik Ben-Gen, Dejan Sarka, Roger Wolter ; [przekł. Krzysztof Szkudlarek]. |
| 246 |
_iTyt. oryg.: _aInside Microsoft SQL Server 2005: T-SQL programming |
||
| 260 |
_aWarszawa : _bAPN Promise, _c2006. |
||
| 300 |
_aXXIII, 531 s. ; _c24 cm. |
||
| 380 | _aKsiążki | ||
| 380 | _aPublikacje fachowe | ||
| 388 | _a2001- | ||
| 500 | _aTyt. oryg.: "Inside Microsoft SQL Server 2005: T-SQL programming". | ||
| 504 | _aIndeks. | ||
| 650 | 7 | _aSQL Server | |
| 650 | 7 | _aSQL (język zapytań) | |
| 650 | 7 | _aProgramowanie (informatyka) | |
| 655 | _aPodręcznik | ||
| 658 | _aInformatyka i technologie informacyjne | ||
| 700 | 1 |
_aSarka, Dejan _eAutor |
|
| 700 | 1 |
_aWolter, Roger _eAutor |
|
| 700 | 1 |
_aSzkudlarek, Krzysztof _eTłumaczenie |
|
| 856 |
_uhttp://koha.tu.koszalin.pl/cgi-bin/koha/opac-detail.pl?biblionumber=53399 _yKatalog online BPK |
||
| 942 |
_cKS _2UKD |
||
| 999 |
_c53399 _d53399 |
||